|
|
|
|
| LEADER |
01387nam a2200313 a 4500 |
| 001 |
15867097 |
| 008 |
100629s2010 dcua b 001 0 eng d |
| 010 |
|
|
|a \\2009032587
|
| 020 |
|
|
|a 9780821380956
|
| 020 |
|
|
|a 0821380958
|
| 020 |
|
|
|a 9780821380987 (electronic)
|
| 020 |
|
|
|a 0821380982 (electronic)
|
| 040 |
|
|
|a DLC
|c DLC
|d YDX
|d CDX
|d YDXCP
|d BWX
|d DLC
|d BD-DhAAL
|
| 082 |
0 |
0 |
|a 332.67/3082091724
|2 22
|
| 100 |
1 |
|
|a Simavi, Sevi.
|
| 245 |
1 |
0 |
|a Gender dimensions of investment climate reform :
|b a guide for policy makers and practitioners /
|c Sevi Simavi, Clare Manuel, Mark Blackden.
|
| 260 |
|
|
|a Washington, D.C. :
|b World Bank,
|c c2010.
|
| 300 |
|
|
|a xx, 236 p. :
|b ill. ;
|c 26 cm.
|
| 504 |
|
|
|a Includes bibliographical references (p. 217-227) and index.
|
| 541 |
1 |
|
|e 00020459
|
| 650 |
|
0 |
|a Investments, Foreign
|x Moral and ethical aspects
|z Developing countries.
|
| 650 |
|
0 |
|a Women-owned business enterprises
|z Developing countries.
|
| 650 |
|
0 |
|a Sex discrimination against women
|z Developing countries.
|
| 650 |
|
0 |
|a Sex discrimination in employment
|z Developing countries.
|
| 700 |
1 |
|
|a Manuel, Clare,
|d 1962-
|
| 700 |
1 |
|
|a Blackden, C. Mark,
|d 1954-
|
| 852 |
4 |
|
|a Ayesha Abed Library
|j General Shelf
|
| 999 |
|
|
|c 9126
|d 9126
|
| 952 |
|
|
|0 0
|1 0
|2 ddc
|4 0
|6 332_673082091724000_SIM_2010
|7 0
|9 11384
|a BRACUL
|b BRACUL
|c GEN
|d 2010-06-30
|l 0
|o 332.673082091724 SIM
|p 3010020459
|r 2010-06-30
|t 1
|w 2010-06-30
|y BK
|